00833 a2200205 4500008004100000020002300041035001300064037004700077082001100124100001800135245007300153250002400226260004100250270010500291300002400396500002200420942003100442999001500473952013900488090226t xxu||||| |||| 00| 0 eng d a8185989281c385.00 aB-210641 bRP-ZLS-2700 / PANSY-07-08:1 / RP-07-08:ENG a658.15 aRustagi, R.P. aFinancial managementbtheory, concepts and problemscby R.P. Rustagi a3rd rev. & enl. ed. aNew DelhibGalgotia Publishingc2006 a6A/4, W.E.A., Karol BaghbNew DelhicDelhie110005k41450694l23755150mgalgotiabooks@rediffmail.com a1070 pc28 cm (pbk) aincludes appendix adplcENk658.15 / RUS2ddc c1810d1810 00102ddc40708NFICaZLSbZLSg385.00l0o658.15 RUSpB-210641r2008-09-15 00:00:00v385.00yENzWithdrawn List Prepared L.No.104/21